How Titled Was My Movie IV Quiz Stats

 Plays Quiz Updated Aug 6, 2017

Support Sporcle.
Go Orange.
Score 0/20 Timer 05:00
1 Play Today
% Correct
Finding Nemo
96.5%
Mary Poppins
96.3%
King Kong
95.9%
Back to the Future
94.7%
The Ten Commandments
93.4%
Psycho
93.3%
Frankenstein
92.6%
Ferris Bueller's Day Off
91.2%
Star Wars
89.5%
Alice in Wonderland
88.3%
% Correct
The Shining
86.2%
Barney's Great Adventure
86%
Braveheart
83%
Citizen Kane
79%
Toy Story
78.7%
Harry Potter and the Chamber of Secrets
74.1%
The Seven Year Itch
69%
The Treasure of the Sierra Madre
56.8%
The Emperor's New Groove
52.1%
Jurassic Park
49.8%

You're not logged in!

Compare scores with friends on all Sporcle quizzes.
OR
Log In
Forgot?

From the Vault

Hungarian Borders Minefield

by triviauser15

We have a feeling people from Hungary are really sick of the Hungary/hungry pun.
Remove Ads.
Support Sporcle.
Get the best of Sporcle when you Go Orange. This ad-free experience offers more features, more stats, and more fun while also helping to support Sporcle. Thank you for becoming a member.

Show Comments

Extras

Top Quizzes Today


Score Distribution

Your Account Isn't Verified!

In order to create a playlist on Sporcle, you need to verify the email address you used during registration. Go to your Sporcle Settings to finish the process.

Report this User

Report this user for behavior that violates our Community Guidelines.

Details: